Biblioteka Instytutu Północnego w Olsztynie

Widok standardowy Widok MARC

Pozycja Geographic Name

Liczba rekordów, w których użyto hasła: 2

001 - Numer kontrolny

  • control field: 40837

003 - Identyfikator numeru kontrolnego

  • control field: NUKAT

005 - Data i czas ostatniej modyfikacji

  • control field: 20260428202632.0

008 - Dane kontrolne kodowane (40 znaków)

  • fixed length control field: 050120n||azznnbabn |a ana |

010 ## - Numer kontrolny Biblioteki Kongresu

  • numer kontrolny LC: p 2004402950

034 ## - CODED CARTOGRAPHIC MATHEMATICAL DATA

  • Coordinates - westernmost longitude: E0195849
  • Coordinates - easternmost longitude: E0195849
  • Coordinates - northernmost latitude: N0500327
  • Coordinates - southernmost latitude: N0500327
  • Source: geonames

035 ## - Numer systemowy

  • numer systemowy: a10162288

035 ## - Numer systemowy

  • numer systemowy: (PL)a0000001016228

040 ## - Instytucja sporządzająca rekord

  • inst. przygot. dane do rek. khw: WA N
  • język haseł przedmiotowych/tezaurus: DBN
  • inst. wprow. rek. khw: WA N

043 ## - Kod obszaru geograficznego

  • ISO code: PL

151 ## - Hasło - nazwa geograficzna

  • nazwa geograficzna: Kraków (woj. małopolskie ; okolice)

368 ## - Other Attributes

  • Juris type: Miasta

451 ## - Trop zob. - nazwa geograficzna

  • nazwa geograficzna: Kraków (woj. małopolskie ; okręg)

550 ## - Trop zob. też - nazwa pospolita

  • nazwa posp. lub nazwa geogr. na pocz.: Bitwa krakowska (1914)

550 ## - Trop zob. też - nazwa pospolita

  • nazwa posp. lub nazwa geogr. na pocz.: Kijacy

551 ## - Trop zob. też - nazwa geograficzna

  • nazwa geograficzna: Aglomeracja krakowska

551 ## - Trop zob. też - nazwa geograficzna

  • nazwa geograficzna: Bielańsko-Tyniecki Park Krajobrazowy (obszar)

551 ## - Trop zob. też - nazwa geograficzna

  • nazwa geograficzna: Krakowski Obszar Funkcjonalny

551 ## - Trop zob. też - nazwa geograficzna

  • nazwa geograficzna: Krakowski Obszar Metropolitalny

551 ## - Trop zob. też - nazwa geograficzna

  • nazwa geograficzna: Wolne Miasto Kraków (1815-1846)

670 ## - Źródło informacji

  • źródło informacji: WUMP

682 ## - Informacja o usuniętym haśle

  • tekst wyjaśniający: zmienione z:
  • zastąpione hasło: Kraków (woj. małopolskie ; okręg)
Biblioteka Instytutu Północnego, ul. Partyzantów 87, 10-402 Olsztyn, email: biblioteka(at)ip.olsztyn.pl